María de Médicis, Reina de Francia / (Record no. 51933)

MARC details
000 -LEADER
campo de control de longitud fija 00621nam a2200193 i 4500
001 - NÚMERO DE CONTROL
campo de control 51933
003 - IDENTIFICADOR DE NÚMERO DE CONTROL
campo de control ES-MaACL
005 - FECHA Y HORA DE LA ÚLTIMA TRANSACCIÓN
campo de control 20230906162456.0
007 - CAMPO FIJO DE DESCRIPCIÓN FÍSICA--INFORMACIÓN GENERAL
campo de control de longitud fija t|
008 - DATOS DE LONGITUD FIJA--INFORMACIÓN GENERAL
campo de control de longitud fija 030821s1943 sp |||| |bspa d
100 1# - ENTRADA PRINCIPAL--NOMBRE DE PERSONA
Nombre de persona Datta de Albertis, G.
9 (RLIN) 42791
245 10 - MENCIÓN DEL TÍTULO
Título María de Médicis, Reina de Francia /
Mención de responsabilidad, etc. G. Datta de Albertis ; traducción de Agustín Esclasans.
250 ## - MENCION DE EDICION
Mención de edición 2ª ed.
260 ## - PUBLICACIÓN, DISTRIBUCIÓN, ETC.
Lugar de publicación, distribución, etc. Barcelona :
Nombre del editor, distribuidor, etc. Iberia,
Fecha de publicación, distribución, etc. 1943.
300 ## - DESCRIPCIÓN FÍSICA
Extensión 358 p., 12 lám. ;
Dimensiones 22 cm.
600 14 - PUNTO DE ACCESO ADICIONAL DE MATERIA--NOMBRE DE PERSONA
Nombre de persona María
Títulos y otros términos asociados al nombre Reina consorte de Enrique IV, Rey de Francia.
9 (RLIN) 167113
700 1# - ENTRADA AGREGADA--NOMBRE PERSONAL
Nombre de persona Esclasans, Agustín.
9 (RLIN) 47545
852 ## - LOCALIZACIÓN
Ubicación ES-MaACL
Número de control de estantería C-5408
Holdings
Estatus retirado Estado de pérdida Estado de daño No para préstamo Biblioteca de origen Biblioteca actual Ubicación en estantería Fecha de adquisición Fuente de adquisición Total de préstamos Signatura topográfica completa Código de barras Visto por última vez Precio de reemplazo Tipo de ítem Koha
        Biblioteca del Ateneo de Madrid Biblioteca del Ateneo de Madrid Sala Palomar 17/01/2008     C-5408 1054603 23/02/2023 23/02/2023 Libro impreso